000
00225nam a22000857a 4500
008
170109b xxu||||| |||| 00| 0 eng d
100
_9
2282
_a
Sachdeva.C.B.
245
_a
Micro and Macro Economics-XII
260
_a
New delhi
_b
APC
_c
2011
999
_c
5177
_d
5177